LEADER 01090cam2-2200373---450- 001 990001590580203316 005 20130130140926.0 035 $a000159058 035 $aUSA01000159058 035 $a(ALEPH)000159058USA01 035 $a000159058 100 $a20040421g19451959km-y0itay50------ba 101 2 $afre$agrc 102 $aFR 105 $ay|||z|||001yy 200 1 $aPlaidoyers politiques$fDémosthène 210 $aParis$cLes belles lettres$d1945-1959 215 $a4 volumi$d20 cm 225 2 $aCollection des universités de France 300 $aTesto originale a fronte 410 0$1001000279059$12001$aCollection des universités de France 676 $a885.01 700 0$aDEMOSTHENES$0167473 801 0$aIT$bsalbc$gISBD 912 $a990001590580203316 951 $aXV.8. Coll. 1/33 /$bL.M.$cXV.8. Coll. 951 $aV.1. Coll. 24/98/$bL.M.$cV.1. Coll. 959 $aBK 969 $aFSO 969 $aUMA 979 $aIANNONE$b10$c20040421$lUSA01$h1553 979 $aANNAMARIA$b90$c20130130$lUSA01$h1409 996 $aOrationes$913510 997 $aUNISA LEADER 00961nam0-22003491i-450 001 990001752160403321 005 20201020101141.0 010 $a0-12-103458-5 035 $a000175216 035 $aFED01000175216 035 $a(Aleph)000175216FED01 035 $a000175216 100 $a20030910d1990----km-y0itay50------ba 101 0 $aeng 102 $aGB 105 $aa 001yy 200 1 $aMicrospores$eevolution and ontogeny$fedited by Stephen Blackmore, R. B. Knox 210 $aLondon$cAcademic Press$d1990 215 $aVII, 347 p.$cill.$d24 cm 610 0 $aPropagazione vegetale 610 0 $aPiante e microrganismi 676 $a581.16 676 $a571.82$v23$zita 702 1$aBlackmore,$bStephen 702 1$aKnox,$bR. Bruce 801 0$aIT$bUNINA$gRICA$2UNIMARC 901 $aBK 912 $a990001752160403321 952 $a60 571.82 BLAS1990$b2838$fFAGBC 959 $aFAGBC 996 $aMicrospores$9363351 997 $aUNINA